| 000 | 00895nam a2200229 i 4500 | ||
|---|---|---|---|
| 001 | 182521 | ||
| 003 | ES-MaACL | ||
| 005 | 20240202063021.0 | ||
| 008 | 130911s2013 sp | |||||||| | spa d | ||
| 020 | _a978-84-235-3335-0 | ||
| 080 | _a821.134.2-14"19" | ||
| 100 | 1 |
_aPascal Ros, Alfonso, _d1965- _989316 |
|
| 245 | 1 | 0 |
_aPrincipio de Pascal / _cAlfonso Pascal Ros. |
| 250 | _a1ª ed. | ||
| 260 |
_a[Pamplona] : _bGobierno de Navarra, Departamento de Cultura, Turismo y Relaciones Institucionales : _bdistribuye, Fondo de Publicaciones del Gobierno de Navarra, _c2013. |
||
| 300 |
_a71 p. ; _c24 cm. |
||
| 586 | 8 | _aPremio a la Creación Literaria-Poesía, 2012 | |
| 852 |
_aES-MaACL _jA-12913 _9189434 _bR.149739 _cDEPO1 _dOlim: N-5913 _xDonación: Alfonso Pascal Ros |
||
| 903 |
_aPascal Ros, Alfonso, _d1965- _ednr _989316 |
||
| 942 |
_2udc _cMONOGRAFIA |
||
| 999 |
_c182521 _d182521 |
||